=LDR 00000nam 2200000 4500 =001 INLIS000000000046397 =005 20150312151333.0 =006 =007 =008 =020 ##$$a 978-979-22-3864-8 =035 ##$$0010-031500000000169 =040 ##$$a Ind =082 ##$$a 650 =090 ##$$a 650$bShe t.1 =100 ##$$a Sheth =245 ##$$a 7 tanda kehancuran =260 ##$$a Jakarta$bGramedia$c2007 =300 ##$$a xxiii,262hlmn$c25cm =850 ##$$a NBPDMAT =990 ##$$a 0001/BPAP-NTB/20142015 =990 ##$$a 0001/BPAP-NTB/2016